01448nam a2200277 a 4500001000400000003001000004005001700014008004100031020001800072040002500090080001600115090002600131100002600157245012200183250003300305260004900338300003500387500034000422650005100762650003700813700003700850942001200887952012900899952012901028999001301157435BR-CuiBMT20231127025344.0231106s2012 spba 001 0 por d a9788520344927 aBR-CuiBMTcBR-CuiBMT 22007a342.4 a342.4bN456cc3. ed. 1 aNery Júnior, Nelson10aConstituição federal comentada e legislação constitucional /cNelson Nery Junior, Rosa Maria de Andrade Nery. a3. ed., rev., atual. e ampl. aSão Paulo :bRevista dos Tribunais,c2012. a1871 p. :bil. color. ;c24 cm aEmendas constitucionais 69/2012 e 70/2012. Lei de Acesso à Informação - Lei 12.527/2011. Nova Lei de Defesa da Concorrência - Lei 12.529/2011. Lei da Ação Direta de Inconstitucionalidade Interventiva - Lei 12.562/2011. Lei de Financiamento de Serviços de Saúde - LC 141/2012. As mais recentes Súmulas do STJ e do STF. aDireito constitucionalvLegislaçãozBrasil aConstituição federalzBrasil1 aNery, Rosa Maria Andrade,d1956- 2udccLV 00102udc4070aBIBTCEMTbBIBTCEMTd2013-04-02l0o342.4 N456c 3. ed. pBIBTCEMT23110171r2023-11-06tEx. 1w2023-11-06yLV 00102udc4070aBIBTCEMTbBIBTCEMTd2013-04-02l0o342.4 N456c 3. ed. pBIBTCEMT23110511r2023-11-13tEx. 2w2023-11-13yLV c435d435